Paraules sobre el mim / Étienne Decroux ; traducció de Mariana Miracle i Maria Zaragoza ; pròleg de Jordi Fàbrega i Górriz
ISBN:
978-84-9803-268-0
Descripción Física:
220 p. : fot. ; 21 cm
Colección:
Escrits teòrics ; 12
Materias:
Mim
MARC
| LEADER | 00000nam a2200000Ia 4500 | ||
|---|---|---|---|
| 001 | 20588 | ||
| 008 | 160829s2008 xx 000 0 cat d | ||
| 020 | |a 978-84-9803-268-0 | ||
| 080 | |a B-2-152 | ||
| 100 | |a Decroux, Étienne |9 38512 | ||
| 245 | |a Paraules sobre el mim / Étienne Decroux ; traducció de Mariana Miracle i Maria Zaragoza ; pròleg de Jordi Fàbrega i Górriz | ||
| 260 | |a Barcelona : |b Diputació de Barcelona. Institut del Teatre, |c 2008 | ||
| 300 | |a 220 p. : |b fot. ; |c 21 cm | ||
| 490 | |a Escrits teòrics ; 12 | ||
| 590 | |a Títol original: Paroles sur le mime | ||
| 650 | |a Mim |9 38513 | ||
| 700 | |a Miracle, Mariana, tr. |9 38514 |e traductor | ||
| 700 | |a Zaragoza, Maria |e traductor |9 38515 | ||
| 700 | |a Fàbrega i Górriz, Jordi |e autor del pròleg |9 38516 | ||
| 710 | 1 | |a Institut del Teatre (Barcelona, Catalunya) |9 52662 | |
| 710 | 1 | |a Barcelona (Catalunya : Província). |b Diputació |9 52408 | |
| 901 | |a Arxiu | ||
| 942 | |n 1 |2 udc | ||
| 952 | |0 0 |1 0 |4 0 |6 B2152 |7 1 |9 48451 |a Arxiu |b Arxiu |d 2016-12-01 |l 0 |o B-2-152 |p 20588 |r 2016-12-01 00:00:00 |w 2016-12-01 |y ARXIU | ||
| 999 | |c 52280 |d 52280 | ||